[Event "Kowalewo Pomorskie op-B"]
[White "Plichta, Adam"]
[Black "Rzemek, Wojciech"]
[Site "Kowalewo Pomorskie"]
[Round "4.9"]
[Result "1-0"]
[Date "2007.07.07"]
[WhiteElo "1796"]
[BlackElo "1781"]
[PlyCount "57"]
[EventDate "2007.07.04"]
[EventType "swiss"]
[EventRounds "9"]
[EventCountry "POL"]
[SourceTitle "EXT 2023"]
[Source "ChessBase"]
[SourceDate "2022.10.05"]
[SourceVersion "1"]
[SourceVersionDate "2022.10.05"]
[SourceQuality "1"]

1. e4 e6 2. d4 d5 3. e5 c5 4. c3 Nc6 5. Nf3 Qb6 6. Bd3 cxd4 7. cxd4 Bd7 8. Nc3 h6 9. 0-0 Be7 10. Re1 0-0-0 11. Na4 Qa5 12. Bd2 Nb4 13. Nc5 Qb6 14. Bxb4 Qxb4 15. a3 Qb6 16. Rc1 Kb8 17. Nxd7+ Rxd7 18. Qa4 Rd8 19. Re2 Bg5 20. Nxg5 hxg5 21. Rec2 a6 22. Rc3 Ka8 23. Rb3 Qa7 24. Rc7 Nh6 25. Rbxb7 Qxb7 26. Rxb7 Kxb7 27. Bxa6+ Kc7 28. Qa5+ Kd7 29. Bb5+ 1-0

[Event "Kowalewo Pomorskie op-B"]
[White "Olszewski, Jerzy"]
[Black "Rzemek, Wojciech"]
[Site "Kowalewo Pomorskie"]
[Round "1.3"]
[Result "0-1"]
[Date "2007.07.04"]
[WhiteElo "1964"]
[BlackElo "1781"]
[PlyCount "85"]
[EventDate "2007.07.04"]
[EventType "swiss"]
[EventRounds "9"]
[EventCountry "POL"]
[SourceTitle "EXT 2023"]
[Source "ChessBase"]
[SourceDate "2022.10.05"]
[SourceVersion "1"]
[SourceVersionDate "2022.10.05"]
[SourceQuality "1"]

1. e4 e6 2. g3 d5 3. exd5 exd5 4. Bg2 Nf6 5. Nf3 Bd6 6. 0-0 0-0 7. d3 Bg4 8. Re1 c6 9. Nbd2 Nbd7 10. h3 Bh5 11. g4 Bg6 12. b3 Qc7 13. Bb2 Rfe8 14. a3 h5 15. g5 Nh7 16. Rxe8+ Rxe8 17. Qf1 Ndf8 18. Re1 Re6 19. Rxe6 Nxe6 20. h4 Nf4 21. Qe1 Qd7 22. Nh2 Nf8 23. Ndf3 N8e6 24. Bf1 Bf5 25. b4 Bc7 26. Be5 Ng6 27. Bxc7 Qxc7 28. Qe3 a6 29. Bg2 Qf4 30. Qxf4 Ngxf4 31. Ne1 Ne2+ 32. Kf1 Nc3 33. Nhf3 Nb1 34. a4 Nc3 35. a5 Na2 36. Ke2 Nf4+ 37. Kd2 Nxb4 38. Nd4 Bg6 39. Bf1 c5 40. c3 Nc6 41. Nxc6 bxc6 42. Ng2 Ne6 43. Ke3 0-1